Logo biblioteca
Santa Fe 2917, Rosario, Santa Fe
Lu-Vi 8 a 19.45
+54-341-4232362
bibliotecaeudoro@gmail.com
Facebook Biblioteca Pedagógica
Sitio web

La tierra de nadie y otros relatos / (Registro nro. 32566)

Detalles MARC
000 -CABECERA
campo fijo de control de longitud 01190nam a22002537a 4500
001 - NÚMERO DE CONTROL
campo de control 32566
003 - IDENTIFICADOR DEL NÚMERO DE CONTROL
campo de control AR-RoBPED
005 - FECHA Y HORADE LA ULTIMA TRANSACCION
campo de control 20260414132318.0
008 - ELEMENTOS DE LONGITUD FIJA--INFORMACION GENERAL
campo fijo de control de longitud 260413s1970 sp ||||er|||| 001 1 spa d
020 ## - ISBN
ISBN
040 ## - FUENTE CATALOGADORA
Centro catalogador/agencia de origen AR-RoBPED
041 ## - IDIOMA
Código de idioma para texto/pista de sonido o título independiente spa
100 ## - ENCABEZAMIENTO PRINCIPAL--AUTOR PERSONAL
Nombre de persona Aldecoa, Ignacio
Fechas nac-muerte 1925-1969
9 (RLIN) 30648
245 13 - TITULO
Título La tierra de nadie y otros relatos /
Mención de responsabilidad Ignacio Aldecoa ; prólogo de Ana María Matute.
260 ## - PUBLICACION
Lugar Estella [Navarra] :
Editor Salvat,
Fecha 1970.
300 ## - DESCRIPCION FISICA
Extensión 187 p.
490 ## - SERIE
Mención de serie (Biblioteca Básica Salvat ;
Designación de volumen o secuencia N° 68)
650 #4 - TERMINO DE MATERIA--CONTROLADO
Término controlado LITERATURA ESPAÑOLA
9 (RLIN) 687
Término controlado CUENTOS
9 (RLIN) 291
Término controlado RELATOS
9 (RLIN) 495
700 1# - ENCABEZAMIENTO SECUNDARIO--AUTOR PERSONAL
Nombre de persona Matute, Ana María
Fecha de nac-muerte 1925-2014
9 (RLIN) 17277
Función prol.
942 ## - ELEMENTOS KOHA
Fuente de clasificación Universal Decimal Classification
Koha tipo de ítem Libro
Clasificación 860-3
Signatura librística A 36
Inventario Inv. 42375
Número Koha K. 32566
945 ## - PROCESAMIENTO DE LA INFORMACIÓN LOCAL
Catalogador y fecha ssanchez 13/04/26 - cd 14/04/2026
Existencias
Estado retirado Estado perdido Fuente de clasificación Estado dañado No se presta Biblioteca propietaria Biblioteca de reserva Fecha de adquisición Procedencia Total de préstamos Signatura topográfica completa Código de barras (nº de inventario) Fecha visto por última vez Catalogador y fecha Tipo de ítem Koha Nota pública
    Universal Decimal Classification     Biblioteca Pedagógica Eudoro Díaz Biblioteca Pedagógica Eudoro Díaz 07/04/2026 Donación   860-3 A 36 42375 13/04/2026 ssanchez 13/04/26 Libro Se presta 15 días